El gran crimen
Gespeichert in:
| 1. Verfasser: | |
|---|---|
| Format: | Buch |
| Sprache: | Spanisch |
| Veröffentlicht: |
Barcelona
F. Granada y Cia
1905
|
| Schriftenreihe: | Biblioteca Contemporánea
|
| Schlagworte: | |
| Tags: |
Tag hinzufügen
Keine Tags, Fügen Sie den ersten Tag hinzu!
|
MARC
| LEADER | 00000nam a2200000 a 4500 | ||
|---|---|---|---|
| 001 | UCZ7676 | ||
| 003 | CL-VaPUC | ||
| 008 | 960109e19050000SP |||||||||||||||||spa|d | ||
| 082 | 0 | 4 | |a 947 |b TOL |2 21 |
| 100 | |a Tolstoi, León Graf |d 1828-1910 |e author |9 346194 | ||
| 245 | 1 | 3 | |a El gran crimen |
| 300 | |a 224 p | ||
| 942 | |c BK | ||
| 945 | |d 19960109 00:00:00 |a rleighto | ||
| 260 | |a Barcelona |b F. Granada y Cia |c 1905 | ||
| 650 | 0 | |a Guerra |9 255876 | |
| 650 | 0 | |a Política |9 255312 | |
| 650 | 0 | |a Religión |9 255164 | |
| 650 | 0 | |a Historia |9 255047 | |
| 651 | 0 | |a Rusia |9 256106 | |
| 583 | |a last modification |c 19960109 00:00:00 |k Rodrigo Vera | ||
| 490 | 0 | |a Biblioteca Contemporánea | |
| 999 | |c 243720 |d 243718 | ||
| 952 | |0 0 |1 0 |4 0 |6 947_000000000000000_TOL_1905 |7 0 |8 P |9 257498 |a BIBEDU |b BIBEDU |c BIBEDU_PB |d 2019-11-19 |i 316764K |o 947 TOL 1905 |p 316764K |r 2024-01-25 |w 2019-11-19 |y BK |k LIT | ||